Functional analysis, optimization, and mathematical economics : (Record no. 14156)

000 -LEADER
fixed length control field 00801cam a2200205 a 4500
020 ## - INTERNATIONAL STANDARD BOOK NUMBER
ISBN 0195057295 (alk. paper)
040 ## - CATALOGING SOURCE
Transcribing agency DLC
082 00 - DEWEY DECIMAL CLASSIFICATION NUMBER
Classification number 330 OXF 1990 A066 Or.
245 00 - TITLE STATEMENT
Title Functional analysis, optimization, and mathematical economics :
Remainder of title a collection of papers dedicated to the memory of Leonid Vitalʹevich Kantorovich /
260 ## - PUBLICATION, DISTRIBUTION, ETC. (IMPRINT)
Place of publication New York :
Name of publisher Oxford University Press,
Year of publication 1990.
300 ## - PHYSICAL DESCRIPTION
Number of Pages xiv, 341 p. :
Other physical details ill., port. ;
Dimensions 24 cm.
650 #0 - SUBJECT ADDED ENTRY--TOPICAL TERM
Topical Term Economics, Mathematical.
650 #0 - SUBJECT ADDED ENTRY--TOPICAL TERM
Topical Term Mathematical optimization.
650 #0 - SUBJECT ADDED ENTRY--TOPICAL TERM
Topical Term Functional analysis.
700 1# - ADDED ENTRY--PERSONAL NAME
Personal name Kantorovich, L. V.
700 1# - ADDED ENTRY--PERSONAL NAME
Personal name Leĭfman, L. I︠A︡.
856 42 - ELECTRONIC LOCATION AND ACCESS
Uniform Resource Identifier http://www.loc.gov/catdir/enhancements/fy0638/89033260-d.html
856 41 - ELECTRONIC LOCATION AND ACCESS
Uniform Resource Identifier http://www.loc.gov/catdir/enhancements/fy0638/89033260-t.html
942 ## - ADDED ENTRY ELEMENTS (KOHA)
Koha item type សៀវភៅភាសាអង់គ្លេស
952 ## - LOCATION AND ITEM INFORMATION (KOHA)
Withdrawn status [LOCAL, KOHA] 0
Holdings
Permanent Location Date acquired Koha item type Lost status Shelving location Barcode Current Location Full call number
Library Block A2017-10-07សៀវភៅភាសាអង់គ្លេស A066A14178Library Block A330 OXF 1990 A066 Or.
មជ្ឈមណ្ឌលឯការនៃសាកលវិទ្យាល័យភូមិន្ទកសិកម្មចំការដូង

Powered by Koha